| 000 | 00589pam a2200229 a 4500 | ||
|---|---|---|---|
| 001 | 2859568 | ||
| 005 | 20180221035737.0 | ||
| 008 | 850516s1985 nyua b 001 0 eng | ||
| 010 | _a 85011777 | ||
| 020 | _a0873323521 | ||
| 020 | _a087332353X (pbk.) | ||
| 040 |
_aDLC _cDLC _dDLC |
||
| 041 | _aeng | ||
| 080 | _a330.156 | ||
| 082 | 0 | 0 |
_a330.156 SAW _219 |
| 100 | 1 | _a52 | |
| 101 | _aEKO | ||
| 245 | 1 | 4 |
_aThe economics of MichaĆ Kalecki / _cMalcolm C. Sawyer. |
| 504 | _aBibliography: p. [301]-315. | ||
| 906 |
_a7 _bcbc _corignew _d1 _eocip _f19 _gy-gencatlg |
||
| 942 |
_2ddc _cBK |
||
| 999 |
_c43001 _d43001 |
||